1110 1233 1804 1250 1482 1310 1935 1495 1551 1198 1093 1267 1669 1892 1997 1189 1150 1846 1755 1881 1259 1403 1698 1366 1736 1268 1202 1650 1299 1399 1503 1403 1011 1606 1344 1002 1678 1798 1304 1625 1728 1869 1429 1801 1060 1024 1788 1215 1677 1565 1308 1625 1974 1362 1587 1317 1881 1244 1705 1037 1245 1328 1489 1833 1364 1187 1965 1658 1235 1215 1007 1136 1718 1196 1426 1188 1295 1704 1059 1951 1934 1095 1951 1836 1774 1008 1583 1669 1526 1725 1098 1623 1428 1178 1864 1911 1267 1696 1760 BCNSPRNW ULIB Ver.6.0+V

เปลี่ยนเป็นภาษาไทย

Change to English
 แสดงรายละเอียดบรรณานุกรม
  กลับหน้าหลัก

Brief Record : Get Marc (ISO 2709) : E-mail record : QR code < ปิดหน้าต่าง
LEADER : 00000nam 2200000uu 4500
001    13399128223
003     ULIB
008    220816s2021||||th 000 0 tha d
020    ^a9780323673990
060 04 ^aWY18.2^bZ58F
100 1  ^aZerwekh, JoAnn
245 10 ^aFamily nurse practitioner :^bCertification review /^cJoAnnZerwekh
250    ^a4th ed.
260    ^aSt. Louis,MO :^bElsevier,^c2021
300    ^axv, 352 p. :^bill. ;^c28 cm.
504    ^aIncludes bibliographical references and index
650  2 ^aNursing Care^vExamination Questions
650  2 ^aFamily Practice^vExamination Questions
650  2 ^aNurse Practitioners^vExamination Questions
945    ^p0^l0^i009328
999    ^aประนอม เกษจรัล
รายการนี้ยังไม่มีแท็ก
คุณยังไม่ได้ล็อกอิน คุณสามารถมีกิจกรรมร่วมกับเว็บไซต์ได้ แต่ต้องล็อกอินก่อน ::
  ล็อกอิน

รายการสื่อสารสนเทศ

ลำดับที่ ประเภท เลขเรียก/บาร์โค้ด สถานที่ สถานะ
1. Book การพยาบาล
หนังสือสำรอง
สถานะ=หนังสือสำรอง
WY18.2 Z58F ฉ.1 
  Barcode: 009328
ห้องสมุดวิทยาเขตสวรรค์ประชารักษ์
►หนังสือทั่วไป
ถูกยืม กำหนดส่งวันที่ 6 มิถุนายน 2568
  จอง

รายการใกล้เคียง
    ผู้แต่ง [Zerwekh, JoAnn]

BibComment


ยังไม่เคยถูกคอมเมนท์

คอมเมนท์ทรัพยากรรายการนี้
  คอมเมนท์: Family nurse pra..


 Copyright 2026. Bcnsprnw @Library